[Event "DIJA III"]
[Site "SchemingMind.com"]
[Date "2020.12.09"]
[Round "-"]
[White "Raymond de Kemp"]
[Black "Steven DuCharme"]
[Result "1-0"]
[WhiteCountry "NED"]
[BlackCountry "USA"]
[WhiteElo "1811"]
[WhiteRD "69"]
[BlackElo "1554"]
[BlackRD "55"]
[GameID "463101"]

1. d4 Nf6 2. Nf3 e6 3. Bg5 Be7 4. Nc3 d5 5. e3 O-O 6. h3 h6 7. Bf4 a6 8. Bd3 b6 9. g4 c5 10. dxc5 bxc5
11. g5 Nh5 12. gxh6 Nxf4 13. exf4 g6 14. Qd2 c4 15. Be2 Kh7 16. h4 f5 17. O-O-O Nc6 18. h5 gxh5 19. Rxh5 Qe8 20. Rg1 Qxh5
21. Ng5+ Bxg5 22. Bxh5 Bxh6 23. Ne2 Ne7 24. Qc3 a5 25. Qg3 Rg8 26. Qh4 Rxg1+ 27. Nxg1 Ng8 28. Bf7 Bd7 29. Nf3 Kg7 30. Ne5 Be8
31. Qg3+
1-0

[Event "DIJA III"]
[Site "SchemingMind.com"]
[Date "2020.12.11"]
[Round "-"]
[White "Brerrabbit"]
[Black "Steven DuCharme"]
[Result "1/2-1/2"]
[WhiteCountry "SCO"]
[BlackCountry "USA"]
[WhiteElo "1348"]
[WhiteRD "88"]
[BlackElo "1554"]
[BlackRD "55"]
[GameID "463102"]

1. e4 e6 2. d4 c6 3. Nd2 d5 4. Ngf3 dxe4 5. Nxe4 h6 6. Bd3 Nf6 7. O-O Be7 8. c3 Nxe4 9. Bxe4 Nd7 10. Ne5 Nxe5
11. dxe5 Qxd1 12. Rxd1 O-O 13. b4 Rd8 14. Rxd8+ Bxd8 15. Be3 a6 16. Rd1 Bc7 17. f4 Kf8 18. g4 Ke7 19. Bc5+ Ke8 20. b5 axb5
21. a3 Bd7 22. g5 hxg5 23. Rf1 Bd8 24. h3=
1/2-1/2

[Event "DIJA III"]
[Site "SchemingMind.com"]
[Date "2020.12.12"]
[Round "-"]
[White "Kenny Elliott"]
[Black "Brerrabbit"]
[Result "1-0"]
[WhiteCountry "USA"]
[BlackCountry "SCO"]
[WhiteElo "1585"]
[WhiteRD "58"]
[BlackElo "1354"]
[BlackRD "80"]
[GameID "463103"]

1. d4 Nf6 2. c4 g6 3. Nc3 Bg7 4. e4 d6 5. Nf3 O-O 6. Bf4 b6 7. Qd2 Bb7 8. d5 c6 9. Bd3 c5 10. O-O Re8
11. Bh6 e6 12. Bxg7 Kxg7 13. Ne2 e5 14. Ng3 Bc8 15. Be2 h6 16. a3 Ng4 17. h3 Nf6 18. b4 h5 19. Nh4 Nxe4 20. Nxe4 Qxh4
21. Nxd6 Rd8 22. Nxc8 Rxc8 23. d6 Rd8 24. Bf3 e4 25. Be2 Nd7 26. Qc3+ Qf6= 27. Qd2 Ne5 28. Qd5 Rac8 29. Rad1 Rxd6 30. Qxe4 Re6
31. Qb7 Rce8 32. bxc5 bxc5 33. Qxa7 Qg5 34. Qxc5 Nf3+ 35. Bxf3
1-0

[Event "DIJA III"]
[Site "SchemingMind.com"]
[Date "2020.12.12"]
[Round "-"]
[White "Brerrabbit"]
[Black "dadshane2000"]
[Result "0-1"]
[WhiteCountry "SCO"]
[BlackCountry "USA"]
[WhiteElo "1348"]
[WhiteRD "88"]
[BlackElo "1747"]
[BlackRD "99"]
[GameID "463104"]

1. e4 e5 2. Nf3 Nc6 3. d4 exd4 4. Nxd4 Bc5 5. Nxc6 bxc6 6. e5 Ne7 7. Nc3 Ng6 8. Ne4 Be7 9. Bc4 Nxe5 10. Qe2 d5
11. Qd2 Nxc4
0-1

[Event "DIJA III"]
[Site "SchemingMind.com"]
[Date "2020.12.12"]
[Round "-"]
[White "Derek Price"]
[Black "Brerrabbit"]
[Result "1-0"]
[WhiteCountry "ENG"]
[BlackCountry "SCO"]
[WhiteElo "2249"]
[WhiteRD "74"]
[BlackElo "1348"]
[BlackRD "88"]
[GameID "463105"]

1. c4 e5 2. Nc3 Nf6 3. Nf3 Nc6 4. g3 Bb4 5. Bg2 O-O 6. O-O Bc5 7. e3 e4 8. Ng5 d5 9. cxd5 Nxd5 10. Ngxe4 Ne5
11. Nxc5 Nf6 12. d4 Ned7 13. Nxb7 Qe7 14. Na5 Rb8 15. Nc6
1-0

[Event "DIJA III"]
[Site "SchemingMind.com"]
[Date "2020.12.11"]
[Round "-"]
[White "Brerrabbit"]
[Black "Gilligan"]
[Result "0-1"]
[WhiteCountry "SCO"]
[BlackCountry "USA"]
[WhiteElo "1348"]
[WhiteRD "88"]
[BlackElo "1683"]
[BlackRD "60"]
[GameID "463106"]

1. e4 e5 2. Nf3 Nc6 3. Bb5 a6 4. Ba4 Nf6 5. O-O Be7 6. Re1 O-O 7. Bb3 d5 8. d3 dxe4 9. dxe4 Bg4 10. Qe2 Nd4
11. Qe3 Bxf3 12. gxf3 Nh5 13. f4 Nxf4 14. Nc3 h6 15. Qg3 Bh4 16. Qg4 h5
0-1

[Event "DIJA III"]
[Site "SchemingMind.com"]
[Date "2020.12.12"]
[Round "-"]
[White "Brerrabbit"]
[Black "maro"]
[Result "0-1"]
[WhiteCountry "SCO"]
[BlackCountry "MEX"]
[WhiteElo "1354"]
[WhiteRD "80"]
[BlackElo "1442"]
[BlackRD "61"]
[GameID "463107"]

1. e4 e5 2. Nf3 Nf6 3. Nxe5 d6 4. Nf3 Nxe4 5. d4 Nc6 6. d5 Ne5 7. Qe2 Nc5 8. Bf4 Nd7 9. Nc3 Be7 10. O-O-O Nc5
11. Nxe5 dxe5 12. Bxe5 O-O 13. Qe3 Bg5 14. Bf4 Re8 15. Bxg5 f6 16. Qxc5 fxg5 17. d6 cxd6 18. Rxd6 Qe7 19. Bc4+ Kh8 20. Qd4 Bf5
21. g4 Bg6 22. Rd7 Qf8 23. f3 Rad8 24. Rxd8 Rxd8 25. Qe3 Rc8 26. Be6 Re8 27. h4 gxh4 28. Rxh4 Qf6 29. g5 Qd8 30. f4 Bf5
31. Rxh7+ Bxh7 32. Qh3 g6 33. Bd7 Re1+ 34. Kd2 Re7
0-1

[Event "DIJA III"]
[Site "SchemingMind.com"]
[Date "2020.12.11"]
[Round "-"]
[White "Brerrabbit"]
[Black "Phillip Beckett"]
[Result "0-1"]
[WhiteCountry "SCO"]
[BlackCountry "ENG"]
[WhiteElo "1348"]
[WhiteRD "88"]
[BlackElo "1440"]
[BlackRD "48"]
[GameID "463108"]

1. e4 e5 2. Nf3 Nc6 3. d4 exd4 4. Nxd4 Bc5 5. Nxc6 Qf6 6. Be3 Bxe3 7. fxe3 dxc6 8. Qd4 Qxd4 9. exd4 Nf6 10. Nd2 Bg4
11. Be2 Bxe2 12. Kxe2 O-O-O 13. c3 Rhe8 14. e5 Nd5 15. Rhf1 f6 16. Nf3 fxe5 17. dxe5 Nf4+ 18. Kf2 Nd3+ 19. Kg1 Nxe5 20. Ng5 h6
21. Ne4 Nd3 22. Rf4 Nxf4
0-1

[Event "DIJA III"]
[Site "SchemingMind.com"]
[Date "2020.12.12"]
[Round "-"]
[White "Adrian Grajczak"]
[Black "Brerrabbit"]
[Result "1-0"]
[WhiteCountry "POL"]
[BlackCountry "SCO"]
[WhiteElo "1872"]
[WhiteRD "93"]
[BlackElo "1354"]
[BlackRD "80"]
[GameID "463109"]

1. e4 c5 2. Nf3 d6 3. d4 cxd4 4. Nxd4 Nf6 5. Nc3 g6 6. Be3 Bg7 7. f3 Nc6 8. Qd2 O-O 9. O-O-O Bd7 10. h4 Rc8
11. g4 Ne8 12. h5 h6 13. Nxc6 bxc6 14. Bxh6 c5 15. Bxg7 Kxg7 16. hxg6 Rh8 17. Rxh8
1-0

[Event "DIJA III"]
[Site "SchemingMind.com"]
[Date "2020.12.12"]
[Round "-"]
[White "Helga1946"]
[Black "Brerrabbit"]
[Result "1-0"]
[WhiteCountry "GER"]
[BlackCountry "SCO"]
[WhiteElo "2257"]
[WhiteRD "66"]
[BlackElo "1348"]
[BlackRD "88"]
[GameID "463110"]

1. c4 e5 2. Nc3 Nf6 3. a3 Nc6 4. e4 d6 5. h3 Nd4 6. Be2 b6 7. d3 Bb7 8. Nf3 c5 9. Nxd4 cxd4 10. Nd5 Be7
11. O-O O-O 12. Nxe7+ Qxe7 13. f4 Nxe4 14. dxe4 Qf6 15. fxe5 Qxe5 16. Bd3 f5 17. Bf4 Qf6 18. exf5 Rae8 19. Qb3 Kh8 20. Rae1 g6
21. Rxe8 Rxe8 22. Qb5 Rg8 23. fxg6 Rxg6 24. Bxg6 Qxg6 25. Rf2 h5 26. Bxd6
1-0

[Event "DIJA III"]
[Site "SchemingMind.com"]
[Date "2020.12.11"]
[Round "-"]
[White "Brerrabbit"]
[Black "JAHI"]
[Result "0-1"]
[WhiteCountry "SCO"]
[BlackCountry "INT"]
[WhiteElo "1354"]
[WhiteRD "80"]
[BlackElo "2121"]
[BlackRD "75"]
[GameID "463111"]

1. e4 d6 2. d4 g6 3. Nc3 Bg7 4. f4 a6 5. Nf3 Bg4 6. Be2 Bxf3 7. Bxf3 Nd7 8. Qd3 e6 9. O-O Ne7 10. Re1 Kf8
11. e5 d5 12. b3 Kg8 13. Ne2 h6 14. Ng3 h5 15. h4 Nf8 16. f5 Nxf5 17. Nxf5 exf5 18. Bg5 Qd7 19. Re2 Ne6 20. Qe3 Re8
21. Bf6= Bxf6 22. exf6 Kh7 23. c3= Nc5 24. Qd2 Rxe2 25. Qxe2 Re8 26. Qd2 Ne4 27. Bxe4 Rxe4 28. g3 f4 29. gxf4= Qg4+ 30. Kh1 Rxf4
31. Rg1 Qf3+ 32. Qg2 Rxh4#
0-1

[Event "DIJA III"]
[Site "SchemingMind.com"]
[Date "2020.12.12"]
[Round "-"]
[White "David Connolly"]
[Black "Brerrabbit"]
[Result "1-0"]
[WhiteCountry "WLS"]
[BlackCountry "SCO"]
[WhiteElo "2054"]
[WhiteRD "87"]
[BlackElo "1348"]
[BlackRD "88"]
[GameID "463112"]

1. c4 e5 2. Nc3 Nf6 3. Nf3 Nc6 4. g3 Bb4 5. Nd5 Bc5 6. d3 Nxd5 7. cxd5 Nd4 8. Nxd4 Bxd4 9. Bg2 O-O 10. O-O d6
11. e3 Bb6 12. b4 a5 13. bxa5 Bxa5 14. Bd2 c6 15. dxc6 Rb8 16. Rb1 Bc7 17. cxb7 Bf5 18. Qe2 d5 19. Rfc1 g6 20. a4 Bd7
21. Bxd5 Bxa4 22. e4 Qf6 23. Rxc7 Qd6 24. Rbc1 Bd7 25. Be3
1-0

[Event "DIJA III"]
[Site "SchemingMind.com"]
[Date "2020.12.12"]
[Round "-"]
[White "Raymond de Kemp"]
[Black "Brerrabbit"]
[Result "1-0"]
[WhiteCountry "NED"]
[BlackCountry "SCO"]
[WhiteElo "1811"]
[WhiteRD "69"]
[BlackElo "1348"]
[BlackRD "88"]
[GameID "463113"]

1. e4 c5 2. d4 cxd4 3. c3 dxc3 4. Nxc3 Nc6 5. Nf3 d6 6. Bf4 a6 7. Bc4 Nh6 8. h3 Na5 9. Bd3 e5 10. Bd2 b6
11. O-O Bb7 12. b4 Nc6 13. Nd5 f6 14. Be3 Nd4 15. Nxd4 exd4 16. Bxd4 Bxd5 17. exd5 a5 18. Re1+ Be7 19. Bb5+ Kf8 20. a3 Nf5
21. Bc3 Rc8 22. Rc1 Nh6 23. Bd2 f5 24. Bxh6 gxh6 25. Qh5 Bg5 26. Rxc8
1-0

[Event "DIJA III"]
[Site "SchemingMind.com"]
[Date "2020.12.09"]
[Round "-"]
[White "Steven DuCharme"]
[Black "Kenny Elliott"]
[Result "0-1"]
[WhiteCountry "USA"]
[BlackCountry "USA"]
[WhiteElo "1554"]
[WhiteRD "55"]
[BlackElo "1562"]
[BlackRD "54"]
[GameID "463115"]

1. Nf3 d5 2. g3 Nc6 3. d4 Bf5 4. Bg2 e6 5. O-O Nf6 6. c3 Be7 7. Bg5 Ne4 8. Bxe7 Qxe7 9. Nbd2 Nxd2 10. Qxd2 O-O
11. Nh4 Bg4 12. h3 Bh5 13. Bf3 Bxf3 14. exf3 Qd7 15. Kh2 Rae8 16. Ng2 a6 17. b3 e5 18. dxe5 Nxe5 19. Ne1 c6 20. f4 Ng6
21. Nd3 b6 22. Rae1 Rxe1 23. Rxe1 Rd8 24. Ne5 Nxe5 25. Rxe5 a5 26. g4 f6 27. Re3 Qd6 28. Rd3 g5 29. Kg3 h6 30. Kf3 Kg7
31. a4 c5 32. c4 d4 33. fxg5 fxg5 34. Kg2 Qg6 35. f3 Rf8 36. Kg3 Qd6+ 37. Kg2= Rh8 38. Qe2 Qf6 39. Qe4 Kf7 40. Kg3 Re8
41. Qh7+ Ke6 42. Qb7 Qe5+ 43. Kg2 Qe2+ 44. Kg1 Qxd3 45. Qxb6+ Kf7 46. Qb7+ Kf8 47. Kf2 Qe3+ 48. Kg2 Qf4
0-1

[Event "DIJA III"]
[Site "SchemingMind.com"]
[Date "2020.12.10"]
[Round "-"]
[White "dadshane2000"]
[Black "Kenny Elliott"]
[Result "0-1"]
[WhiteCountry "USA"]
[BlackCountry "USA"]
[WhiteElo "1532"]
[WhiteRD "89"]
[BlackElo "1547"]
[BlackRD "65"]
[GameID "463116"]

1. e4 c5 2. Nf3 d6 3. d4 Bg4 4. Be2 Bxf3 5. Bxf3 cxd4 6. Qxd4 Nc6 7. Qd1 Nf6 8. O-O e5 9. Nc3 Be7 10. Bg5 O-O
11. Re1 Nd4 12. Bxf6 Bxf6 13. Nd5 Rc8 14. c3 Ne6 15. Nxf6+ Qxf6 16. Bg4 Rc6 17. g3 Qg6 18. h4 Nc7 19. a4 a5 20. Be2 Ne6
21. Bb5 Rcc8 22. Bd7 Rcd8 23. Qxd6 Nf4 24. Rad1 Ne6 25. Qxe5 Qg4 26. Bxe6 fxe6 27. Rxd8 Rxd8 28. Qc7 Rf8 29. Qxb7 Qf3 30. Qb6 h5
31. Qxe6+ Kh8 32. Rf1 Kh7 33. Qd5 Qe2 34. Qxa5 Qxb2 35. Qxh5+ Kg8 36. Qd5+ Kh8 37. c4 Qb8 38. e5 Rd8 39. Qe4 Qa7 40. Qc6 Qd4
41. Re1 Qd2 42. Rf1 Qe2 43. e6 Rd1
0-1

[Event "DIJA III"]
[Site "SchemingMind.com"]
[Date "2020.12.09"]
[Round "-"]
[White "Kenny Elliott"]
[Black "Derek Price"]
[Result "0-1"]
[WhiteCountry "USA"]
[BlackCountry "ENG"]
[WhiteElo "1574"]
[WhiteRD "60"]
[BlackElo "2259"]
[BlackRD "72"]
[GameID "463117"]

1. d4 d5 2. c4 c6 3. Nc3 Nf6 4. e3 e6 5. Nf3 Nbd7 6. Bd2 Bd6 7. c5 Bc7 8. Bd3 e5 9. dxe5 Nxc5 10. Qc2 Ng4
11. Bf5 Nxe5 12. Nxe5 Bxe5 13. Bxc8 Rxc8 14. Qf5 O-O 15. b4 g6 16. Qb1 Ne4 17. Qc2 Qh4 18. g3 Qh3 19. Nxe4 Bxa1 20. Nc3 d4
21. exd4 Qg2 22. Rf1 Rfe8+ 23. Be3 Rxe3+
0-1

[Event "DIJA III"]
[Site "SchemingMind.com"]
[Date "2020.12.09"]
[Round "-"]
[White "Kenny Elliott"]
[Black "Raymond de Kemp"]
[Result "0-1"]
[WhiteCountry "USA"]
[BlackCountry "NED"]
[WhiteElo "1562"]
[WhiteRD "54"]
[BlackElo "1811"]
[BlackRD "69"]
[GameID "463118"]

1. d4 f5 2. c4 Nf6 3. Nf3 e6 4. Bg5 Be7 5. Nc3 O-O 6. d5 d6 7. e3 e5 8. Qb3 Nbd7 9. c5 Nxc5 10. Qc4 Nfe4
11. Bxe7 Qxe7 12. Nxe4 fxe4 13. Nd2 Qf7 14. Nxe4 Nxe4 15. Qxe4 Qxf2+ 16. Kd1 Qxf1+ 17. Rxf1 Rxf1+ 18. Kc2 Rxa1 19. a3 Bd7 20. Qc4 Rf8
21. Qxc7 Rc8 22. Qxc8+ Bxc8 23. Kb3 Re1 24. Kb4 Rxe3 25. h3 b6 26. g4 Rxh3 27. b3 Bd7 28. a4 a5+ 29. Kc4 e4 30. b4 Bxa4
0-1

[Event "DIJA III"]
[Site "SchemingMind.com"]
[Date "2020.12.10"]
[Round "-"]
[White "dadshane2000"]
[Black "Steven DuCharme"]
[Result "1-0"]
[WhiteCountry "USA"]
[BlackCountry "USA"]
[WhiteElo "1622"]
[WhiteRD "90"]
[BlackElo "1596"]
[BlackRD "65"]
[GameID "463119"]

1. e4 c6 2. d4 d5 3. Nc3 dxe4 4. Nxe4 Bf5 5. Ng3 Bg6 6. Nf3 Nd7 7. h4 h6 8. h5 Bh7 9. Bd3 Bxd3 10. Qxd3 Ngf6
11. Bf4 e6 12. O-O-O Be7 13. Nh2 Nd5 14. Bd2 Bg5 15. Nf3 Bxd2+ 16. Qxd2 O-O 17. Rhe1 Re8 18. Ne5 N7f6 19. f4 Rc8 20. f5 c5
21. fxe6 Rxe6 22. Nf5 c4 23. c3 Qf8 24. Rh1 Ne4 25. Qc2 Ng5 26. Nd7 Qd8 27. Nc5 Rb6 28. Rhe1 Qf8 29. Nd7 Qd8 30. Nxb6 axb6
31. Qf2 b5 32. Qg3 Qf6 33. Qe5 Qxe5 34. dxe5
1-0

[Event "DIJA III"]
[Site "SchemingMind.com"]
[Date "2020.12.10"]
[Round "-"]
[White "Derek Price"]
[Black "dadshane2000"]
[Result "1-0"]
[WhiteCountry "ENG"]
[BlackCountry "USA"]
[WhiteElo "2240"]
[WhiteRD "74"]
[BlackElo "1564"]
[BlackRD "88"]
[GameID "463120"]

1. c4 g6 2. Nf3 Nf6 3. g3 Bg7 4. Bg2 O-O 5. O-O d6 6. Nc3 e5 7. d3 Nc6 8. Rb1 a5 9. a3 h6 10. b4 Bd7
11. b5 Ne7 12. Bd2 Nf5 13. Qc1 b6 14. e4 Nd4 15. Nxd4 exd4 16. Ne2 Nh7 17. Bxh6 Rc8 18. Bxg7 Kxg7 19. Nxd4 Qe8 20. f4 Nf6
21. Qc3 Ng4 22. Nf5+
1-0

[Event "DIJA III"]
[Site "SchemingMind.com"]
[Date "2020.12.10"]
[Round "-"]
[White "Raymond de Kemp"]
[Black "dadshane2000"]
[Result "1-0"]
[WhiteCountry "NED"]
[BlackCountry "USA"]
[WhiteElo "1843"]
[WhiteRD "70"]
[BlackElo "1604"]
[BlackRD "92"]
[GameID "463121"]

1. d4 Nf6 2. Nf3 g6 3. Bg5 Bg7 4. Nc3 d5 5. e3 Bd7 6. h3 Nc6 7. g4 h6 8. Bf4 g5 9. Bg3 e6 10. Nb5 Rc8
11. Ne5 O-O 12. Bd3 a6 13. Nxc6 bxc6 14. Nc3 Ra8 15. Qe2 a5 16. h4 Re8 17. hxg5 hxg5 18. O-O-O Kf8 19. f4 gxf4 20. Bxf4 e5
21. Bh6 e4 22. Bxg7+ Kxg7 23. g5 exd3 24. gxf6+ Qxf6 25. Rdg1+ Kf8 26. Qxd3 Bf5 27. Qe2 Qe6 28. Rh8+ Ke7 29. Rxe8+ Rxe8 30. Na4 Kd8
31. Rg3 Rh8 32. Nc5 Qc8 33. Qe1 Qa8 34. Qg1 Ke7 35. Rf3 Bg6 36. Qg5+ Ke8 37. Qe5+
1-0

[Event "DIJA III"]
[Site "SchemingMind.com"]
[Date "2020.12.09"]
[Round "-"]
[White "Steven DuCharme"]
[Black "Derek Price"]
[Result "0-1"]
[WhiteCountry "USA"]
[BlackCountry "ENG"]
[WhiteElo "1554"]
[WhiteRD "55"]
[BlackElo "2249"]
[BlackRD "74"]
[GameID "463122"]

1. Nf3 Nf6 2. b3 d6 3. Bb2 e5 4. d3 Be7 5. g3 O-O 6. Bg2 c6 7. Nbd2 h6 8. O-O Be6 9. a4 Qd7 10. Ne4 Nxe4
11. dxe4 Qc7 12. c4 Nd7 13. h3 Nc5 14. Qc2 Qb6 15. Nd2 a5 16. Kh2 f5 17. f3 f4 18. Ba3 fxg3+ 19. Kxg3 Rf6 20. Bxc5 Qxc5
21. Qd3 Rg6+ 22. Kh2 Bg5 23. Ra2 Bf4+ 24. Kh1 Rf8 25. Nb1 Rg3 26. e3 Bxe3 27. Re2 Bf4
0-1

[Event "DIJA III"]
[Site "SchemingMind.com"]
[Date "2020.12.09"]
[Round "-"]
[White "Derek Price"]
[Black "Raymond de Kemp"]
[Result "1-0"]
[WhiteCountry "ENG"]
[BlackCountry "NED"]
[WhiteElo "2249"]
[WhiteRD "74"]
[BlackElo "1811"]
[BlackRD "69"]
[GameID "463123"]

1. c4 g5 2. d4 Bg7 3. Nc3 h6 4. e4 c5 5. Nge2 Nc6 6. Be3 Nf6 7. f3 cxd4 8. Nxd4 d6 9. Nxc6 bxc6 10. c5 O-O
11. Qc2 d5 12. O-O-O e5 13. exd5 cxd5 14. h4 g4 15. Qd2 Nh5 16. Qxd5 Qxd5 17. Nxd5 gxf3 18. gxf3 Ng3 19. Rg1 Nf5 20. Bf2 Bb7
21. Bh3 Nd4 22. Rxd4 exd4 23. Bxd4 Bxd5 24. Rxg7+ Kh8 25. Rg5+
1-0

[Event "DIJA III"]
[Site "SchemingMind.com"]
[Date "2020.12.10"]
[Round "-"]
[White "Steven DuCharme"]
[Black "grabapawn"]
[Result "1-0"]
[WhiteCountry "USA"]
[BlackCountry "USA"]
[WhiteElo "1554"]
[WhiteRD "55"]
[BlackElo "1538"]
[BlackRD "68"]
[GameID "463124"]

1. c4 d6 2. Nf3 Nf6 3. g3 Nbd7 4. Bg2 e5 5. d3 h6 6. O-O Be7 7. e4 c6 8. Nc3 Qc7 9. h3 g5 10. Be3 Nf8
11. d4 Ng6 12. d5 g4 13. hxg4 Nxg4 14. Qd2 Bd7 15. dxc6 Bxc6 16. Nd5 Bxd5 17. cxd5 h5 18. Rac1 Qd8 19. Nh2 Qd7 20. Nxg4 Qxg4
21. Qd1 Qd7 22. f4 h4 23. f5 Nf8 24. f6 Bd8 25. g4 Ng6 26. Bh3 Bb6 27. Bxb6 axb6 28. a3 Nf4 29. Kh2 Qb5 30. Rf2 Qb3
31. Qxb3
1-0

[Event "DIJA III"]
[Site "SchemingMind.com"]
[Date "2020.12.12"]
[Round "-"]
[White "Brerrabbit"]
[Black "grabapawn"]
[Result "1-0"]
[WhiteCountry "SCO"]
[BlackCountry "USA"]
[WhiteElo "1354"]
[WhiteRD "80"]
[BlackElo "1540"]
[BlackRD "67"]
[GameID "463125"]

1. e4 d6 2. d4 Nf6 3. Nc3 Nbd7 4. Nf3 e5 5. Bc4 h6 6. O-O Be7 7. dxe5 dxe5 8. b3 c6 9. a4 Qc7 10. Qe2 Nf8
11. Bb2 g5 12. Rad1 Ng6 13. Qd3 Nf4 14. Qe3 Ng4 15. Qd2 f6 16. h3 h5 17. g3 Nxh3+ 18. Kg2 Nh6 19. Ng1 Nf4+ 20. gxf4 gxf4
21. f3 Nf7 22. Nh3 Rg8+ 23. Kh2 Rg3 24. Ng1 Ng5 25. Nce2 Nxf3+ 26. Rxf3 Bg4 27. Rxg3 fxg3+ 28. Nxg3 Rd8 29. Bd3 h4 30. N1e2 hxg3+
31. Kxg3 Qc8 32. Qh6 Bxe2 33. Bxe2 Rxd1 34. Bxd1 Qd7 35. Qh8+ Bf8 36. Bh5+ Ke7 37. Ba3+ Kd8 38. Qxf8+ Kc7 39. Bg4 Qd4 40. Qc8+ Kb6
41. a5+ Kxa5 42. Qc7+ Ka6 43. Be2+ b5 44. Qxc6+ Qb6 45. Qxb6+ Kxb6 46. c4 bxc4 47. bxc4
1-0

[Event "DIJA III"]
[Site "SchemingMind.com"]
[Date "2020.12.09"]
[Round "-"]
[White "grabapawn"]
[Black "Kenny Elliott"]
[Result "1-0"]
[WhiteCountry "USA"]
[BlackCountry "USA"]
[WhiteElo "1538"]
[WhiteRD "68"]
[BlackElo "1562"]
[BlackRD "54"]
[GameID "463126"]

1. d4 Nf6 2. Bf4 d5 3. e3 Nc6 4. c3 Bf5 5. Nd2 e6 6. Be2 Bd6 7. Bg3 Bxg3 8. hxg3 a6 9. f3 O-O 10. g4 Bg6
11. Nh3 Nd7 12. f4 Qh4+ 13. Kf1 Nf6 14. Qe1 Qxe1+ 15. Rxe1 Ne4 16. Nxe4 Bxe4 17. g5 Ne7 18. Rh2 Nf5 19. Bg4 Nh4 20. g3 Ng6
21. Nf2 f5 22. gxf6 Rxf6 23. Ke2 Ne7 24. Nxe4 dxe4 25. Reh1 h6 26. Bh3 Rb8 27. g4 Kf7 28. g5 hxg5 29. fxg5 Rg6 30. Rg1 Rh8
31. Bxe6+ Kxe6 32. Rxh8 Nc6 33. Re8+ Kd7 34. Rxe4 b5 35. d5 Ne7 36. c4 bxc4 37. Rxc4 Nxd5 38. Rd4 c6 39. e4 Re6 40. Kd3 Kd6
41. exd5 cxd5 42. Rf1 Re5 43. g6 Rg5 44. Ke3 Rxg6 45. Rf5 Rg3+ 46. Kd2 Ke6 47. Rfxd5 Kf6 48. Rd6+ Kf7 49. Rxa6 Rg2+ 50. Kc3 Rg3+
51. Rd3 Rg6 52. Rd7+ Ke8 53. Rd8+ Kf7 54. Rxg6 Kxg6 55. b4 Kg5 56. b5
1-0

[Event "DIJA III"]
[Site "SchemingMind.com"]
[Date "2020.12.10"]
[Round "-"]
[White "dadshane2000"]
[Black "grabapawn"]
[Result "1-0"]
[WhiteCountry "USA"]
[BlackCountry "USA"]
[WhiteElo "1622"]
[WhiteRD "90"]
[BlackElo "1521"]
[BlackRD "60"]
[GameID "463127"]

1. e4 d6 2. d4 Nf6 3. Nc3 Nbd7 4. Nf3 e5 5. Bc4 Be7 6. O-O c6 7. dxe5 dxe5 8. Re1 Qc7 9. a3 Nf8 10. Ng5 Ne6
11. Nxe6 fxe6 12. Bg5 h6 13. Bxf6 gxf6 14. Qh5+ Kd8 15. Rad1+ Bd6 16. Rxd6+ Ke7 17. Red1 b5 18. Ba2 a5 19. Qg6 Rf8 20. Qxh6 b4
21. Ne2 c5 22. f4 Ra6 23. Rxa6 Bxa6 24. Rd2 c4 25. Qg7+ Rf7 26. Qg3 b3 27. cxb3 cxb3 28. Qxb3 Bc8 29. Rc2 Qa7+ 30. Kh1 Bd7
31. f5 Rg7 32. Ng3 Qd4 33. Rc7 Kd8 34. Qb8+ Ke7 35. Qb3 Qd2 36. Qxe6+ Kd8 37. Rxd7+ Rxd7 38. Qxf6+ Kc7 39. Qxe5+ Rd6 40. h3 Qd1+
41. Kh2 Kb6 42. f6
1-0

[Event "DIJA III"]
[Site "SchemingMind.com"]
[Date "2020.12.09"]
[Round "-"]
[White "grabapawn"]
[Black "Derek Price"]
[Result "0-1"]
[WhiteCountry "USA"]
[BlackCountry "ENG"]
[WhiteElo "1544"]
[WhiteRD "68"]
[BlackElo "2259"]
[BlackRD "72"]
[GameID "463128"]

1. d4 d5 2. Bf4 Nf6 3. e3 e6 4. c3 Bd6 5. Bg3 O-O 6. Bd3 b6 7. Bh4 Bb7 8. Nf3 Nbd7 9. Nbd2 h6 10. h3 c5
11. g4 c4 12. Bc2 Qc7 13. g5 hxg5 14. Nxg5 e5 15. f3 exd4 16. exd4 Bg3+ 17. Bxg3 Qxg3+ 18. Kf1 Qxg5 19. h4 Qf4 20. Kg2 Rfe8
21. Nf1 Re7 22. Qd2 Qxd2+ 23. Nxd2 Re2+ 24. Kg3 Rxd2 25. Bf5 Nh5+ 26. Kg4 Rg2+ 27. Kh3 Nf4#
0-1

[Event "DIJA III"]
[Site "SchemingMind.com"]
[Date "2020.12.10"]
[Round "-"]
[White "Gilligan"]
[Black "grabapawn"]
[Result "1-0"]
[WhiteCountry "USA"]
[BlackCountry "USA"]
[WhiteElo "1666"]
[WhiteRD "60"]
[BlackElo "1544"]
[BlackRD "68"]
[GameID "463129"]

1. e4 d6 2. d4 Nf6 3. Bd3 Nbd7 4. Nf3 e5 5. d5 Be7 6. O-O h6 7. c4 Nf8 8. h3 g5 9. Be2 Nxe4 10. Nh2 Ng6
11. Bd3 f5 12. Bxe4 fxe4 13. Nc3 Bf5 14. f3 Qd7 15. fxe4 Bxh3 16. Qf3 Nf4 17. Bxf4 gxf4 18. gxh3 Rg8+ 19. Kf2 O-O-O 20. Rg1 Bh4+
21. Ke2 Rg7 22. Rxg7 Qxg7 23. Qg4+ Qxg4+ 24. Nxg4 h5 25. Nh2 Rg8 26. Nf1 Rg2+ 27. Kd3 f3 28. Ke3 Bf2+ 29. Kxf3
1-0

[Event "DIJA III"]
[Site "SchemingMind.com"]
[Date "2020.12.13"]
[Round "-"]
[White "maro"]
[Black "grabapawn"]
[Result "0-1"]
[WhiteCountry "MEX"]
[BlackCountry "USA"]
[WhiteElo "1432"]
[WhiteRD "59"]
[BlackElo "1538"]
[BlackRD "68"]
[GameID "463130"]

1. e4 d6 2. d4 Nd7 3. Nf3 Ngf6 4. e5 dxe5 5. dxe5 Ng4 6. Bc4 e6 7. O-O c6 8. Bg5 Be7 9. Nc3 Bxg5 10. h3 Ngxe5
11. Nxg5 Qxg5 12. Ne4 Qg6 13. Nd6+ Kf8 14. f4 Nxc4 15. Nxc4 Ke7 16. Qd6+ Ke8 17. Ne5 Nxe5 18. fxe5 Bd7 19. Rad1 Rd8 20. Qc7 Qxc2
21. Qxb7 Qc5+ 22. Kh1 Ke7 23. Rd6 Qxe5 24. Qb4 Qxd6 25. Qh4+ f6 26. Qg4 g6 27. Rd1 Qe5 28. Qb4+ Kf7 29. Qb7 Ke7 30. Qxa7 Rhf8
31. Qa3+ Kf7 32. Qb4 c5 33. Qa5 Qe2 34. Re1 Qxb2 35. Qxc5 Qxa2 36. Qe3 e5 37. Qh6 Bc6 38. Qxh7+ Ke6 39. Qxg6 Rg8
0-1

[Event "DIJA III"]
[Site "SchemingMind.com"]
[Date "2020.12.08"]
[Round "-"]
[White "Phillip Beckett"]
[Black "grabapawn"]
[Result "0-1"]
[WhiteCountry "ENG"]
[BlackCountry "USA"]
[WhiteElo "1451"]
[WhiteRD "50"]
[BlackElo "1544"]
[BlackRD "68"]
[GameID "463131"]

1. d4 d6 2. e3 Nf6 3. Bd3 Nbd7 4. f4 e5 5. fxe5 dxe5 6. dxe5 Nxe5 7. Be2 Bd6 8. Nf3 O-O 9. O-O c6 10. Nxe5 Bxe5
11. Qxd8 Rxd8 12. c3 h5 13. Nd2 Bg4 14. Bf3 g6 15. h3 Be6 16. Nb3 g5 17. Nd4 Bc4 18. Re1 g4 19. hxg4 hxg4 20. Be2 Bxe2
21. Rxe2 c5 22. Nb3 Rd1+ 23. Kf2 g3+ 24. Kf3 Rf1+
0-1

[Event "DIJA III"]
[Site "SchemingMind.com"]
[Date "2020.12.10"]
[Round "-"]
[White "grabapawn"]
[Black "Adrian Grajczak"]
[Result "0-1"]
[WhiteCountry "USA"]
[BlackCountry "POL"]
[WhiteElo "1540"]
[WhiteRD "67"]
[BlackElo "1872"]
[BlackRD "93"]
[GameID "463132"]

1. d4 d5 2. Bf4 Bg4 3. Nf3 Bxf3 4. gxf3 g6 5. e3 Bg7 6. c3 e6 7. Nd2 Ne7 8. h4 h5 9. Bd3 Nd7 10. Qc2 Nf6
11. O-O-O Qd7 12. Nb3 b6 13. Be5 O-O-O 14. c4 Nc6 15. c5 Nxe5 16. cxb6 Nxd3+ 17. Rxd3 axb6 18. Nd2 Kb7 19. Nb3 Ra8 20. a3 Rhb8
21. Qc3 Kc8 22. Kd2 Kd8 23. Ke2 Ke8 24. Ra1 Kf8 25. Rc1 Ne8 26. f4 Rc8 27. f3 Qe7 28. Nd2 Qxh4 29. Rf1 Nd6 30. e4 dxe4
31. fxe4 c5 32. e5 Nf5 33. dxc5 Rxc5 34. Qb4 Kg8 35. Nf3 Qe7 36. Qxb6 Ng3+
0-1